| 000 | 00513nam a22001937a 4500 | ||
|---|---|---|---|
| 005 | 20161117102340.0 | ||
| 008 | 150408b xxu||||| |||| 00| 0 spa d | ||
| 041 | _aeng | ||
| 082 | _a917.286 H859h | ||
| 100 |
_aHowells, John _932365 |
||
| 245 | _aChoose Costa Rica for Retirement | ||
| 250 | _a4 edición | ||
| 260 |
_aCosta Rica _bGlobe Pequot _c1999 |
||
| 300 | _a256 páginas | ||
| 650 |
_aCOSTA RICA _932366 |
||
| 650 |
_aDESCRIPCIONES Y VIAJES _932367 |
||
| 650 |
_aGuias Turisticas _92114 |
||
| 942 | _cBK | ||
| 999 |
_c4389 _d4389 |
||